[Event "ch-Frankfurt A"]
[Site "Frankfurt"]
[Date "2023.05.08"]
[Round "2"]
[White "Teschler, Ulrich"]
[Black "Froehlich Dill, Astrid"]
[Result "1/2-1/2"]
[WhiteElo "1966"]
[BlackElo "1768"]
[PlyCount "259"]
[EventDate "2023.04.24"]
[EventType "swiss"]
[EventCountry "GER"]

1. e4 e5 2. Nf3 Nc6 3. d4 d6 4. c3 Bg4 5. Bb5 a6 6. Bxc6+ bxc6 7. Qa4 Qd7 8. Nbd2 f6 9. h3 Be6 10. b3 Ne7 11. Ba3 Ng6 12. Rd1 Nf4 13. Kf1 Be7 14. Nc4 Bxc4+ 15. bxc4 Ng6 16. g3 O-O 17. Kg2 f5 18. dxe5 fxe4 19. Nd4 Nxe5 20. Rhe1 c5 21. Qxd7 Nxd7 22. Ne6 Rf7 23. Nxc7 Raf8 24. Re2 Bf6 25. Ne6 Re8 26. Rxd6 Bxc3 27. Rxa6 Rf6 28. Ra7 Rfxe6 29. Rxd7 Bd4 30. Rc7 Re5 31. Bc1 Ra8 32. Bf4 Ree8 33. Bd6 Ra4 34. Rc2 e3 35. fxe3 Rxe3 36. Bxc5 Bxc5 37. Rxc5 Rea3 38. Rf2 h6 39. Rc8+ Kh7 40. Rf7 Rxa2+ 41. Kf3 Ra6 42. Kg4 R2a3 43. Kh4 Rg6 44. g4 Rc3 45. c5 Re6 46. Rcc7 Rg6 47. Rf5 Re6 48. Rff7 Rg6 49. c6 Rcxc6 50. Rxg7+ Rxg7 51. Rxc6 Re7 52. Rc3 Kg6 53. Kg3 Re1 54. Rc6+ Kg7 55. h4 Rg1+ 56. Kf3 Rf1+ 57. Kg2 Ra1 58. Re6 Ra3 59. Re4 Kg6 60. Rf4 Rb3 61. Rf3 Rb2+ 62. Kg3 Rb1 63. Ra3 Rg1+ 64. Kf4 Rf1+ 65. Rf3 Ra1 66. h5+ Kf6 67. Kg3+ Kg7 68. Rb3 Rg1+ 69. Kf3 Rf1+ 70. Ke4 Rg1 71. Rb7+ Kf6 72. Rb6+ Kg5 73. Kf3 Rf1+ 74. Kg2 Rc1 75. Rg6+ Kf4 76. Rg8 Rc2+ 77. Kh3 Rc3+ 78. Kh4 Rc1 79. Rf8+ Ke5 80. Rf5+ Ke6 81. Rf2 Rh1+ 82. Kg3 Rg1+ 83. Kf4 Ra1 84. Re2+ Kf6 85. Kg3 Rg1+ 86. Rg2 Ra1 87. Rf2+ Kg7 88. Rf5 Ra3+ 89. Kf4 Ra4+ 90. Kg3 Ra3+ 91. Rf3 Ra1 92. Kh4 Rh1+ 93. Rh3 Ra1 94. Rh2 Rc1 95. Rf2 Rh1+ 96. Kg3 Rg1+ 97. Kf4 Ra1 98. Ke5 Ra5+ 99. Ke6 Ra6+ 100. Kd7 Ra7+ 101. Kc6 Ra4 102. Rg2 Kf6 103. g5+ hxg5 104. h6 Rh4 105. Kd5 Rxh6 106. Rf2+ Kg6 107. Ke5 Rh4 108. Rf8 Kh5 109. Rh8+ Kg4 110. Rg8 Rh1 111. Ke4 Ra1 112. Ke3 Kh4 113. Kf2 Ra2+ 114. Kf3 Ra3+ 115. Kf2 Kg4 116. Rb8 Ra2+ 117. Kg1 Kg3 118. Rb3+ Kh4 119. Rb4+ g4 120. Rb8 Kh3 121. Rb3+ g3 122. Rb1 Ra4 123. Rc1 Re4 124. Rb1 Re2 125. Rc1 Re3 126. Rb1 Kg4 127. Rf1 Re2 128. Rf8 Re1+ 129. Kg2 Re2+ 130. Kg1 1/2-1/2

[Event "ch-Frankfurt A"]
[Site "Frankfurt"]
[Date "2023.05.08"]
[Round "2"]
[White "Veenstra, Sander"]
[Black "Wachsmann, Dietmar"]
[Result "1/2-1/2"]
[WhiteElo "1905"]
[BlackElo "1981"]
[PlyCount "62"]
[EventDate "2023.04.24"]
[EventType "swiss"]
[EventCountry "GER"]

1. e4 c5 2. Ne2 e6 3. Nbc3 Nc6 4. g3 d5 5. exd5 exd5 6. Bg2 Nf6 7. d4 cxd4 8. Nxd4 Bg4 9. f3 Bh5 10. O-O Bc5 11. Re1+ Ne4 12. Nce2 Nf6 13. Nc3+ Ne4 14. Nce2 Nf6 15. Nc3+ Be7 16. Nf5 O-O 17. Nxe7+ Nxe7 18. Bg5 Nc6 19. Bxf6 Qxf6 20. Nxd5 Qxb2 21. Ne7+ Nxe7 22. Rxe7 Rfd8 23. Qc1 Qc3 24. Re3 Qc5 25. Kh1 Rac8 26. c3 Re8 27. Rxe8+ Rxe8 28. f4 Re2 29. Qd1 h6 30. Qd8+ Kh7 31. Qd3+ Kg8 1/2-1/2

[Event "ch-Frankfurt A"]
[Site "Frankfurt"]
[Date "2023.05.08"]
[Round "2"]
[White "von Wahden, Jens"]
[Black "Reschke, Thomas"]
[Result "0-1"]
[WhiteElo "1810"]
[BlackElo "2129"]
[PlyCount "104"]
[EventDate "2023.04.24"]
[EventType "swiss"]
[EventCountry "GER"]

1. d4 g6 2. c4 Bg7 3. Nc3 d6 4. e4 Nc6 5. d5 Nd4 6. Be3 e5 7. Nge2 Nxe2 8. Bxe2 f5 9. exf5 gxf5 10. Bh5+ Kf8 11. O-O Nf6 12. Bg5 Bd7 13. f4 e4 14. Rc1 Rg8 15. Kh1 Qc8 16. Be2 h6 17. Bh4 Bh8 18. h3 Qe8 19. b4 a5 20. b5 Qg6 21. Rg1 b6 22. Bf2 Re8 23. Qd2 Re7 24. Nd1 e3 25. Bxe3 Ne4 26. Qe1 Ng3+ 27. Kh2 Nxe2 28. Qxe2 Qg3+ 29. Kh1 Bd4 30. Re1 Be8 31. Rc2 Bh5 32. Qf2 Bxd1 33. Qxg3 Rxg3 34. Rxd1 Bxe3 35. Kh2 Bxf4 36. Kh1 Rge3 37. Rf1 Re1 38. Rcf2 Rxf1+ 39. Rxf1 Bg3 40. Rxf5+ Ke8 41. Rf1 Re4 42. Rc1 Ke7 43. Kg1 Kf6 44. h4 Rxh4 45. Rc3 Be5 46. Rf3+ Rf4 47. Rh3 Kg5 48. Rg3+ Rg4 49. Rf3 Bd4+ 50. Kh2 Rh4+ 51. Kg3 Be5+ 52. Kf2 Rf4 0-1

[Event "ch-Frankfurt A"]
[Site "Frankfurt"]
[Date "2023.05.08"]
[Round "2"]
[White "Waffenschmidt, Joachim"]
[Black "Pranitchi, Veaceslav"]
[Result "1/2-1/2"]
[WhiteElo "1997"]
[BlackElo "1725"]
[PlyCount "88"]
[EventDate "2023.04.24"]
[EventType "swiss"]
[EventCountry "GER"]

1. d4 Nf6 2. c4 g6 3. Nc3 Bg7 4. e4 d6 5. Nf3 O-O 6. Be2 e5 7. Be3 Ng4 8. Bg5 f6 9. Bc1 Nc6 10. O-O f5 11. dxe5 Ngxe5 12. exf5 Bxf5 13. Be3 Ng4 14. Qd5+ Kh8 15. Bg5 Qd7 16. Rad1 Rae8 17. Rfe1 h6 18. Bc1 Nb4 19. Qxb7 Rb8 20. Qxa7 Ra8 21. Qxa8 Rxa8 22. h3 Nf6 23. a3 Nc6 24. Nh4 g5 25. Nxf5 Qxf5 26. Bf3 Qd7 27. Nb5 Re8 28. Be3 Ne5 29. Be2 Qf7 30. b3 Ne4 31. Bf1 Rf8 32. Re2 Nf6 33. c5 Qxb3 34. Red2 Ne4 35. Rd4 Nxc5 36. Nxc7 Nf7 37. Bc4 Qb8 38. Nb5 Bxd4 39. Bxd4+ Ne5 40. Bc3 Kh7 41. Be2 Rd8 42. Ba5 Rd7 43. Bc3 Qd8 44. Nd4 Qe8 1/2-1/2

[Event "ch-Frankfurt A"]
[Site "Frankfurt"]
[Date "2023.05.08"]
[Round "2"]
[White "Worzelberger, Armin"]
[Black "Lopez Fuertes, Victor"]
[Result "1-0"]
[WhiteElo "1613"]
[BlackElo "1660"]
[PlyCount "85"]
[EventDate "2023.04.24"]
[EventType "swiss"]
[EventCountry "GER"]

1. Nf3 b6 2. e4 Bb7 3. c4 e6 4. Nc3 Ne7 5. h4 g6 6. d4 Bg7 7. Bg5 h6 8. Be3 d6 9. Qd2 Nd7 10. O-O-O a6 11. Ne1 Nf6 12. f3 h5 13. Bd3 Neg8 14. Kb1 Bh6 15. Bg5 Bxg5 16. hxg5 Nd7 17. f4 Ne7 18. g4 Nc6 19. Be2 h4 20. Nf3 e5 21. dxe5 dxe5 22. f5 Nd4 23. Nxd4 exd4 24. Qxd4 Rh7 25. f6 c5 26. Qf2 Qc7 27. Rxh4 Rxh4 28. Qxh4 O-O-O 29. Qh7 Ne5 30. Nd5 Bxd5 31. exd5 Qd6 32. Qh4 Re8 33. Qg3 Kb7 34. Qf4 Kc7 35. a3 Nd7 36. Qd2 Re4 37. Qd3 Rd4 38. Qe3 Rxd1+ 39. Bxd1 Ne5 40. b3 Kd7 41. Kc2 Kd8 42. Kc3 Nd7 43. b4 1-0

[Event "ch-Frankfurt A"]
[Site "Frankfurt"]
[Date "2023.05.08"]
[Round "2"]
[White "Zeyen, Helmut"]
[Black "Vollbracht, Henrik"]
[Result "0-1"]
[WhiteElo "1799"]
[BlackElo "1488"]
[PlyCount "98"]
[EventDate "2023.04.24"]
[EventType "swiss"]
[EventCountry "GER"]

1. e4 c6 2. d4 d5 3. f3 e6 4. Be3 dxe4 5. fxe4 Nf6 6. Bd3 Nbd7 7. c3 Be7 8. Nd2 O-O 9. h3 Qb6 10. Qc2 e5 11. Nc4 Qc7 12. O-O-O c5 13. d5 Bd6 14. g4 a6 15. Nxd6 Qxd6 16. b3 b5 17. c4 bxc4 18. Bxc4 Rd8 19. Ne2 Bb7 20. Ng3 g6 21. g5 Ne8 22. h4 Nb6 23. h5 Nxc4 24. bxc4 a5 25. hxg6 fxg6 26. Qh2 Rd7 27. Rdf1 Ba6 28. Qc2 Rb8 29. Bd2 Rdb7 30. Rf2 Rb1+ 31. Qxb1 Rxb1+ 32. Kxb1 Qb6+ 33. Ka1 Bxc4 34. Rb1 Qa7 35. Bc3 Bd3 36. Rbb2 Qe7 37. Bd2 Qc7 38. Bc3 c4 39. Rb5 Qa7 40. Rbb2 Qe3 41. Rbd2 Qxg3 42. Kb2 Nd6 43. Rg2 Qe1 44. Ka3 Qxe4 45. Rb2 Qxd5 46. Rb8+ Kg7 47. Rgb2 Qc5+ 48. Ka4 Qc6+ 49. Kxa5 Qc7+ 0-1

[Event "ch-Frankfurt A"]
[Site "Frankfurt"]
[Date "2023.05.08"]
[Round "2"]
[White "Zimmer, Gerald"]
[Black "Schmidt, Markus"]
[Result "1/2-1/2"]
[WhiteElo "1915"]
[BlackElo "2120"]
[PlyCount "75"]
[EventDate "2023.04.24"]
[EventType "swiss"]
[EventCountry "GER"]

1. d4 e6 2. Nf3 d5 3. e3 c5 4. Be2 Nf6 5. O-O Nc6 6. b3 Qc7 7. Bb2 cxd4 8. exd4 Bd6 9. c4 O-O 10. Nc3 a6 11. c5 Bf4 12. g3 Bh6 13. Bd3 b6 14. cxb6 Qxb6 15. Na4 Qa7 16. Ba3 Re8 17. Re1 Bd7 18. Nc5 a5 19. Bc1 Bxc1 20. Rxc1 Rec8 21. Nxd7 Nxd7 22. Bb5 Qb6 23. a4 Ra7 24. Qd2 Rac7 25. Kg2 Nf8 26. Bxc6 Rxc6 27. Ne5 Rxc1 28. Rxc1 Rxc1 29. Qxc1 f6 30. Nc6 Qc7 31. Qc5 Qb7 32. Nxa5 Qa6 33. b4 Qd3 34. h3 Qe4+ 35. Kg1 Qe1+ 36. Kg2 Qe4+ 37. Kh2 Qe2 38. Kg1 1/2-1/2